Catálogo
Digital

Catálogo
Digital

Manual de practica procesal penal (Record no. 14289)

MARC details
000 -CABECERA
campo de control de longitud fija 02743nam a2200301 4500
003 - IDENTIFICADOR DEL NÚMERO DE CONTROL
campo de control EC-UNACH
005 - FECHA Y HORA DE LA ÚLTIMA TRANSACCIÓN
campo de control 20251212163458.0
006 - CÓDIGOS DE INFORMACIÓN DE LONGITUD FIJA--CARACTERÍSTICAS DEL MATERIAL ADICIONAL
campo de control de longitud fija s||||gr|||| 00| 00
008 - DATOS DE LONGITUD FIJA--INFORMACIÓN GENERAL
campo de control de longitud fija 150116t9999 mx r gr 000 0 spa d
020 ## - NÚMERO INTERNACIONAL ESTÁNDAR DEL LIBRO
Número Internacional Estándar del Libro 978-998-9984-2-7
040 ## - FUENTE DE LA CATALOGACIÓN
Centro catalogador/agencia de origen EC-UNACH
Centro/agencia transcriptor EC-UNACH
041 ## - CÓDIGO DE LENGUA
Código de lengua del texto/banda sonora o título independiente spa
082 04 - NÚMERO DE LA CLASIFICACIÓN DECIMAL DEWEY
Número de edición 23
Número de clasificación 345
Número de documento/Ítem L018483
110 ## - ENTRADA PRINCIPAL--NOMBRE DE ENTIDAD CORPORATIVA
Nombre de entidad corporativa o nombre de jurisdicción como elemento de entrada Edilex S,A
245 ## - MENCIÓN DE TÍTULO
Título Manual de practica procesal penal
250 ## - MENCIÓN DE EDICIÓN
Mención de edición S/N
264 ## - Producción, publicación, distribución, fabricación y copyright
Lugar de producción, publicación, distribución, fabricación Perú
Nombre del de productor, editor, distribuidor, fabricante Edilex S,A
Fecha de de producción, publicación, distribución, fabricación o copyright 2009
300 ## - DESCRIPCIÓN FÍSICA
Extensión 589
505 ## - NOTA DE CONTENIDO CON FORMATO
Nota de contenido con formato Nota del autor . Denuncia por falsedad documental ... Denuncia por violación de derecho a la intimidad .. Denuncia contra fiscal por privación ilegal de la libertad.. Denuncia por muerte .. Consulta en delito de prevaricato en casación ... Informe jurídico por consulta .. Acusación particular por muerte .. Acusación particular por falsedad de cheque .. Contestación de queja contra juez penal ..Escrito pidiendo desestimación de denuncia .. Escrito Fiscalía General. Tentativa .. Petición de inicio de instrucción fiscal .. Escrito analizando capacidad de culpabilidad.. Petición por trastorno de personalidad antisocial.. Fundamentos para la negativa a dictar la prisión preventiva .. Escrito oponiéndose a prisión preventiva .. Petición de negativa para dictar la prisión preventiva .. Apelación de prisión preventiva .. Petición de sustitución de prisión preventiva .. Petición de habeas corpus.. Amparo de libertad ..Memorial de defensa para sobreseimiento ..Auto de sobreseimiento ..Auto de sobreseimiento provisional.. Apelación de llamamiento a juicio. Caso de drogas ..Memorial ante la 2da. Sala Penal.. Petición de confirmación de sobres<br/>emorial ante 3ra. Sala Penal para sobreseimiento ..Sobreseimiento con doctrina de participación. Auto resolutorio de sobreseimiento definitivo por delito sexual.. Apelación de auto de nulidad .. Petición de revocatoria de auto de nulidad .. Recurso de apelación de llamamiento a juicio.. Escrito pidiendo revocatoria de llamamiento a juicio.. Resolución aplicando principio de legalidad y de congruencia .. Sentencia como encubridor ..Apuntes sobre casación penal .. Escrito en recurso de casación.. Recurso de casación ..El recurso de revisión en el Procedimiento Penal ecuatoriano ..Recurso de revisión .. Reflexiones sobre la teoría de la participación.. Alegato en caso bancario .. Alegato para sobreseimiento .. Alegato sobre prueba ilícita 1 .. Alegato sobre prueba ilícita 2 <br/>
650 ## - PUNTO DE ACCESO ADICIONAL DE MATERIA--TÉRMINO DE MATERIA
Término de materia o nombre geográfico como elemento inicial DENUNCIA POR FALSEDAD
650 ## - PUNTO DE ACCESO ADICIONAL DE MATERIA--TÉRMINO DE MATERIA
Término de materia o nombre geográfico como elemento inicial APELACION
650 ## - PUNTO DE ACCESO ADICIONAL DE MATERIA--TÉRMINO DE MATERIA
Término de materia o nombre geográfico como elemento inicial AMPARO DE LIBERTAD
700 ## - PUNTO DE ACCESO ADICIONAL--NOMBRE DE PERSONA
Nombre de persona Alfonso Zambrano Pasquel
942 ## - ELEMENTOS DE PUNTO DE ACCESO ADICIONAL (KOHA)
Fuente del sistema de clasificación o colocación Clasificación Decimal Dewey
Tipo de ítem Koha Libros
999 ## - NÚMEROS DE CONTROL DE SISTEMA (KOHA)
Koha biblionumber 14289
Holdings
Estado de pérdida Fuente del sistema de clasificación o colocación Estado dañado No para préstamo Localización permanente Ubicación/localización actual Ubicación en estantería Fecha de adquisición Fuente de adquisición Número de inventario Total de préstamos Signatura topográfica completa Código de barras Fecha visto por última vez Precio válido a partir de Tipo de ítem Koha Centro de costos
  Clasificación Decimal Dewey     Biblioteca Campus Norte Biblioteca Campus Norte Facultad de Ciencias Políticas y Administrativas - Generalidades 12/12/2025 Transitoria segunda Resolución N°0311-CU-UNACH-SE-ORD-16-09-24 39932815   345 ZAM L018483 L018483 12/12/2025 12/12/2025 Libros  

Powered by Koha